Pays frontaliers avec la Russie sur une carte vierge - Statistiques

Statistiques générales
  • Ce quiz a été pris 298 fois
  • Le résultat moyen est 12 sur 14
Réponses sur la Carte
Les réponses sont colorées sur une échelle allant du rouge au vert en fonction du pourcentage des utilisateurs qui les ont devinées à leur premier essai. Vous pouvez retrouver ces pourcentages ci-dessous.
 
Statistiques - réponses
Pays frontalier % Correct
Chine
99%
Ukraine
99%
Mongolie
97%
Bielorussie
96%
Kazakhstan
94%
Estonie
92%
Finlande
91%
Lettonie
91%
Géorgie
89%
Corée du Nord
88%
Lituanie
87%
Azerbaïdjan
79%
Pologne
72%
Norvège
69%
Aucun quiz correspondant
Distribution des résultats
% des personnes avec chaque résultat
Percentile par nombre de réponses
Votre historique - résultats
Vous n’avez pas pris ce quiz